Statistiques concernant Pays d'Afrique par ordre alphabétique avec une carte

Cliquez ici pour prendre le quiz!

Statistiques générales

  • Ce quiz a été pris 325 fois
  • Le résultat moyen est 34 sur 54

Réponses sur la Carte

Les réponses sont colorées sur une échelle allant du rouge au vert en fonction du pourcentage des utilisateurs qui les ont devinées à leur premier essai. Vous pouvez retrouver ces pourcentages ci-dessous.
 

Statistiques - réponses

Pays% Correct
Algérie
97%
Afrique du Sud
95%
Angola
93%
Bénin
91%
Botswana
87%
Burkina Faso
85%
Burundi
81%
Cameroun
81%
Cap-Vert
79%
Comores
78%
Égypte
76%
Côte d'Ivoire
75%
Djibouti
75%
Érythrée
75%
Guinée
75%
Éthiopie
74%
Gambie
74%
Ghana
73%
Gabon
72%
Eswatini
68%
Guinée-Bissau
68%
Guinée équatoriale
68%
Madagascar
61%
Mali
61%
Mauritanie
61%
Libye
60%
Niger
60%
Kenya
59%
Liberia
59%
Maroc
59%
Nigeria
59%
Lesotho
58%
Malawi
58%
Mozambique
58%
Zambie
58%
Zimbabwe
58%
Namibie
57%
Ouganda
53%
Rwanda
51%
Somalie
51%
Soudan
49%
Soudan du Sud
49%
Tanzanie
49%
Tunisie
49%
République Centrafricaine
47%
République démocratique du Congo
47%
Tchad
46%
Sénégal
45%
Seychelles
45%
Togo
45%
Île Maurice
44%
République du Congo
44%
Sierra Leone
43%
Sao Tomé-et-Principe
41%

Distribution des résultats

Percentile par nombre de réponses

% des personnes avec chaque résultat

Votre développement - résultats

Vous n’avez pas pris ce quiz